000 00576nam a2200229Ia 4500
003 OSt
005 20220912151433.0
006 a|||||r|||| 00| 0
007 ta
008 220909b |||||||| |||| 00| 0 eng d
024 _a20865
037 _cTextual
040 _aCSL
_beng
_cCSL
041 _aeng
082 _aB286, L9
100 _aBennett R J
245 0 _aSpatial time series :Analyis forecasting control
260 _aLondon
_bPion
_c1979
300 _a674p.
_ccm.
942 _hB286, L9
_cTEXL
_2CC
999 _c68684
_d68684